Výkonnost podniku z pohledu finančního manažera
Gespeichert in:
| 1. Verfasser: | |
|---|---|
| Weitere Verfasser: | |
| Format: | Buch |
| Sprache: | Tschechisch |
| Veröffentlicht: |
Praha
LINDE
2005
|
| Schlagworte: | |
| Tags: |
Keine Tags, Fügen Sie das erste Tag hinzu!
|
MARC
| LEADER | 00000nam$a2200000$$$4500 | ||
|---|---|---|---|
| 001 | 0048924 | ||
| 005 | 20240306141737.8 | ||
| 020 | |a 80-86131-63-7 | ||
| 041 | 0 | |a cze | |
| 044 | |a CZ | ||
| 245 | 1 | 0 | |a Výkonnost podniku z pohledu finančního manažera |c Drahomíra Pavelková, Adriana Knápková |
| 264 | 1 | |a Praha |b LINDE |c 2005 | |
| 300 | |a 302 s. | ||
| 610 | 2 | 0 | |a výkony podnikové |
| 610 | 2 | 0 | |a výkonnosť |
| 610 | 2 | 0 | |a meranie |
| 610 | 2 | 0 | |a hodnota podniku |
| 610 | 2 | 0 | |a riadenie podnikové |
| 610 | 2 | 0 | |a štúdie prípadové |
| 100 | 1 | |a Pavelková, Drahomíra | |
| 700 | 1 | |a Knápková, Adriana | |